Online
Catalog

La Cultura y el Pueblo : (Record no. 42843)

MARC details
000 -CABECERA
campo de control de longitud fija 00590nam a2200181 a 4500
001 - NÚMERO DE CONTROL
campo de control 000043354
005 - FECHA Y HORA DE LA ÚLTIMA TRANSACCIÓN
campo de control 20230519124859.0
008 - DATOS DE LONGITUD FIJA--INFORMACIÓN GENERAL
campo de control de longitud fija 140311s1981 sp 000 0 spa d
020 ## - NÚMERO INTERNACIONAL ESTÁNDAR DEL LIBRO
Número Internacional Estándar del Libro 8472224414
040 ## - FUENTE DE LA CATALOGACIÓN
Centro catalogador/agencia de origen DO-SdBNP
Lengua de catalogación spa
Centro/agencia transcriptor BNPHU
040 ## - FUENTE DE LA CATALOGACIÓN
Centro catalogador/agencia de origen DO-SdBNP
Lengua de catalogación spa
Centro/agencia transcriptor BNPHU
100 1# - ENTRADA PRINCIPAL--NOMBRE DE PERSONA
Nombre de persona Cobb, Christopher
Forma completa/desarrollada del nombre (Christopher H.)
9 (RLIN) 71005
245 13 - MENCIÓN DE TÍTULO
Título La Cultura y el Pueblo :
Resto del título España, 1930-1939 /
Mención de responsabilidad, etc. Christopher H. Cobb.
260 ## - PUBLICACIÓN, DISTRIBUCIÓN, ETC.
Lugar de publicación, distribución, etc. Barcelona :
Nombre del editor, distribuidor, etc. Laia,
Fecha de publicación, distribución, etc. 1981.
300 ## - DESCRIPCIÓN FÍSICA
Extensión 471 p., [16] p. :
Otras características físicas il., láms. ;
Dimensiones 21 cm.
490 1# - MENCIÓN DE SERIE
Mención de serie Papel 451. Historia
Designación de volumen o secuencia 52
830 #0 - PUNTO DE ACCESO ADICIONAL DE SERIE-TÍTULO UNIFORME
Título uniforme Papel 451. Historia
Designación de volumen o secuencia 52
9 (RLIN) 71006
Holdings
Estado de retiro Estado de pérdida Restricciones de uso No para préstamo Código de colección Localización permanente Ubicación/localización actual Ubicación en estantería Fecha de adquisición Número de inventario Total de préstamos Signatura topográfica completa Código de barras Fecha visto por última vez Precio válido a partir de Tipo de ítem Koha
      Excluido de préstamo Monografías: Libros y Folletos General General En catalogación 11.03.2014 LF1   43354-10 25.06.2020 25.06.2020 No se presta

Powered by Koha